Jak efektywnie korzystać z funduszy strukturalnych Unii Europejskiej : (Rekord nr 53796)
| 000 -ETYKIETA REKORDU | |
|---|---|
| podpole kontrolne o stałej długości | 00780nam a2200193 i 4500 |
| 001 - NUMER KONTROLNY REKORDU | |
| pole kontrolne | bg |
| 003 - IDENTYFIKATOR NUMERU KONTROLNEGO REKORDU | |
| podpole kontrolne | BPK |
| 005 - DATA OSTATNIEJ MODYFIKACJI REKORDU | |
| podpole kontrolne | 20140228151156.0 |
| 008 - POLE O STAŁEJ DŁUGOŚCI - DANE KONTROLNE | |
| podpole kontrolne o stałej długości | 070809s2006 pl 000 0 pol d |
| 040 ## - ŹRÓDŁO KATALOGOWANIA | |
| Instytucja, która utworzyła rekord | BPK |
| 080 ## - UNIWERSALNA KLASYFIKACJA DZIESIĘTNA - UKD | |
| UKD | 339.7(4-67) |
| 245 00 - TYTUŁ/ODPOWIEDZIALNOŚĆ | |
| Tytuł | Jak efektywnie korzystać z funduszy strukturalnych Unii Europejskiej : |
| Ciąg dalszy tytułu | wskazówki dla Beneficjentów Funduszy Strukturalnych na podstawie doświadczeń programów przedakcesyjnych / |
| Pozostałe elementy strefy tytułu i oznaczenia odpowiedzialności | oprac. Witold Witkowski |
| 260 ## - STREFA ADRESU WYDAWNICZEGO | |
| Miejsce wydania | [Warszawa : |
| Nazwa wydawcy/dystrybutora | Ministerstwo Gospodarki Pracy i Polityki Społecznej, |
| Data publikacji, dystrybucji/powstania dokumentu | 2006]. |
| 300 ## - STREFA OPISU FIZYCZNEGO | |
| Objętość | 50, [1] s. ; |
| Rozmiary | 30 cm. |
| 650 #4 - HASŁO PRZEDMIOTOWE W FORMIE NAZWY OGÓLNEJ LUB JEDNOSTKOWEJ | |
| Nazwa ogólna lub geograficzna | Programy pomocowe UE |
| Określnik geograficzny | Polska |
| 700 1# - HASŁO DODATKOWE - NAZWA OSOBOWA | |
| Nazwa osobowa | Witkowski, Witold. |
| Określenie związku między hasłem a opisywanym materiałem | Oprac. |
| 710 2# - HASŁO DODATKOWE - NAZWA CIAŁA ZBIOROWEGO | |
| Nazwa ciała zbiorowego lub jednostki geograficznej | Polska. |
| Nazwa jednostki podrzędnej | Ministerstwo Gospodarki Pracy i Polityki Społecznej. |
| 856 ## - LOKALIZACJA I DOSTĘP DO ELEKTRONICZNYCH DOKUMENTÓW ZDALNYCH | |
| Link (URL) | http://koha.tu.koszalin.pl/cgi-bin/koha/opac-detail.pl?biblionumber=53796 |
| Tekst linku | Katalog online BPK |
| 942 ## - DODATKOWE ELEMENTY (KOHA) | |
| Typ dokumentu | Książka |
| Schemat klasyfikacji | Uniwersalna Klasyfikacja Dziesiętna |
| Wycofany | Status egzemplarza | Uszkodzony | Dostępność | Lokalizacja stała | Lokalizacja bieżąca | Miejsce przechowywania | Sygnatura | Kod kreskowy | Typ dokumentu |
|---|---|---|---|---|---|---|---|---|---|
| Tylko na miejscu | Biblioteka Politechniki Koszalińskiej | Biblioteka Politechniki Koszalińskiej | Czytelnia Wydziałowa ul. Kwiatkowskiego 6e | S 1036 | 02383521 | Książka |
